| 000 | 00596nam a22002297a 4500 | ||
|---|---|---|---|
| 999 |
_c6817 _d6817 |
||
| 001 | 6817 | ||
| 003 | BD-JhCC | ||
| 005 | 20180207100421.0 | ||
| 008 | 180130b xxu||||| |||| 00| 0 eng d | ||
| 035 | _a(BD-JhCC)6817 | ||
| 040 |
_aBD-JhCC _dBD-JhCC |
||
| 041 | _aeng | ||
| 082 |
_a844.3 _bESS 1964 |
||
| 100 | _a Rader, Ralph W. | ||
| 245 |
_aAn Analytic Reader Essays / _cRalph W. Rader, Sheldon Sacks |
||
| 260 |
_aBoston : _bLittle Brown and Company, _c1964. |
||
| 300 |
_a657 p. : _c26 cm. |
||
| 650 | _aCollege Reader | ||
| 700 | _aSacks, Sheldon | ||
| 942 |
_2ddc _cBK |
||